| 000 | 00500nam a22001697a 4500 | ||
|---|---|---|---|
| 999 |
_c8703 _d8703 |
||
| 008 | 201210b ||||| |||| 00| 0 eng d | ||
| 040 | _aBMS College of Architecture | ||
| 100 | _aJoishy, K Ananya | ||
| 245 | _aThe Neighbourhood | ||
| 300 | _a28p. | ||
| 500 | _a1BM11AT009 | ||
| 502 |
_8B,Arch _NBMS College of Architecture, Visvesvaraya Technological University (VTU) _aProject report _d2015 |
||
| 650 | _aNA | ||
| 700 |
_aNeetha S N _eGuide |
||
| 700 |
_aKiran Kumar R _eGuide |
||
| 942 |
_2ddc _cTHE |
||